| 000 | 00357nam a2200133 4500 | ||
|---|---|---|---|
| 020 | _a968-7270-20-9 | ||
| 082 | _a519.52 s747e | ||
| 100 | _aScheaffer Richard L. | ||
| 245 | _aelementos de muestreo./ Richard L.Scheaffer | ||
| 260 | _aMexico:Iberoamericana. | ||
| 300 | _a321p./30cm. | ||
| 650 | _a1.ELEMENTOS DE MUESTREO. | ||
| 700 | _aI.Mendenhall William. | ||
| 999 |
_c25571 _d25571 |
||